000 00702nam a2200169 i 4500
001 182823
003 ES-MaACL
005 20230906221724.0
008 131107s1986 sp |||| | spa d
100 1 _aZapata Fernández de la Hoz, Teresa.
_9153271
245 1 0 _aNuevos datos sobre la antigua puerta del Real Sitio del Buen Retiro /
_cTeresa Zapata Fernández de la Hoz.
260 _aMadrid :
_bInstituto de Estudios Madrileños,
_c1986.
300 _aP. 45-50, [4] p. de lám. ;
_c24 cm.
595 _aTirada aparte de los Anales del Instituto de Estudios Madrileños, tomo XXIII.
651 4 _aEl Retiro (Madrid)
_9153793
852 _aES-MaACL
_j2329-F-35
_z.- Dedicatoria manuscrita de la autora
999 _c182823
_d182823